00551nam a22001817a 4500003000400000005001700004008004100021020001500062050002100077245012300098250001200221260004700233300002100280521000800301562000600309650003800315650001600353FEu20140310182814.0130226t xxu||||| |||| 00| 0 eng d a0838517153 aRT 82b.D63 1987 aThe Discipline of nursing :ban introduction /cMargaret O'Bryan Doheny, Christina Benson Cook, Mary Constance Stopper a2nd ed. aNorwalk, Conn. :bAppleton & Lange,c1987. a258 p. :c23 cm. aNUR e1 a1. Nursingxvocational guidance  a2. Nursing